000 00299nam a22001337a 4500
008 171016b xxu||||| |||| 00| 0 eng d
020 _a9780538477789
041 _aeng
080 _26 ED
_a33
100 _a52
101 _aECO
245 _aESSENTIALS ECONOMICS
_cMANKIW.N.G
942 _2udc
_cBK
999 _c34077
_d34077